000 00701nam a2200217Ii 4500
003 JO-AjNU
008 230606s9999||||xx |||||||||||||| ||und||
020 _a0-7108-1335-x/07450-0814-3
040 _aJO-AjNU
_beng
_erda
_cJO-AjNU
041 _aeng
050 1 4 _aPN86. H355 1990
100 3 _aHawkins , Harrlett,
_eauthor
_95470
245 0 0 _a Classics and trash : traditions and taboos in high literature and popular modern genres .
250 _a1 ed
264 3 1 _aNew York :Harvester Wheatsheaf
300 _a219p
336 _atext
_btxt
_2rdacontent
337 _aunmediated
_bn
_2rdamedia
338 _avolume
_bnc
_2rdacarrier
650 4 _a Literature -- History and criticism. 
_95471
999 _aE2827
_c2825
_d2825